000 01793nam a2200409 i 4500
003 DO-SdBNP
005 20260512115217.0
007 ta
008 230518e2022 dr |||gr|||| 001 paspa d
020 _a9789945250206 (Obras completas)
040 _aDO-SdBNP
_bspa
_cBNPHU
_erda
082 4 _aRD868.44
_bM671o
_222
100 1 _aMir, Pedro,
_d1913-2000
_97245
_eautor
245 1 0 _aPedro Mir :
_bobras completas /
_cPedro Mir ; presentación, Samuel Pereyra ; introducción, Roberto Cassá ; ilustración cubierta acuarela, Iris de Mondesert
264 3 1 _aSanto Domingo :
_bBanco de Reservas de la República Dominicana,
_c2022.
300 _avolumenes ;
_c22 cm.
336 _2rdaconten
_atexto
_btxt
337 _2rdamedia
_asin mediación
_bn
338 _2rdacarrier
_avolumen
_bnc
500 _aIncluye cronología de la vida de Pedro Mir Valentín páginas 335- 341
500 _aIncluye índice onomástico
500 _aIncluye referencias bibliográficas y notas al pie de las páginas
505 _avolumen 1--
_gPoesía--
_gVolumen 2--
_tNarrativa--
_gVolumen 3--
_tHistoria--
_gVolumen 4--
_tHistoria--
_gv.6--
_tEnsayos--
_gv.7--
_tEnsayos--
_gv.8--
_tObra periodística.
590 _aInventariado 2024/BT
600 1 0 _aMir, Pedro,
_d1913-2000
_xCrítica e interpretación
_919950
650 7 _aPoesía dominicana
_2LEMB
650 7 _aEnsayos dominicanos
650 7 _aNovela dominicana
_9223
650 7 _aLiteratura dominicana
651 7 _aRepública Dominicana
_xHistoria
_2LEMB
700 1 _983007
_aPereyra, Samuel,
_epresentación
700 1 _aMondesert, Iris, de,
_eIlustración cubierta en acuarela
_983429
700 1 _aCassá, Roberto,
_epresentación
_981564
710 2 _96285
_aBanco de Reservas de la República Dominicana
910 _aBtavárez
942 _2ddc
_cLBS1
999 _c53568
_d53568